| 000 | 006610000a22001930004500 | ||
|---|---|---|---|
| 003 | LK-CoMWRAF | ||
| 005 | 20240205205747.0 | ||
| 008 | 230817t ||||| |||| 00| 0 eng d | ||
| 040 |
_aLK-CoMWRAF _dLK-CoMWRAF _eLK-CoMWRAF |
||
| 041 | _aeng | ||
| 110 | _aCentre of excellence for women's studies | ||
| 245 | _aDirectory of experts & resource persons in women and development in Pakistan | ||
| 260 |
_aKarachi : _bUniversity of Karachi. Centre of excellence for women's studies, |
||
| 300 | _aiiixx, 309 p. ; 28 cm. | ||
| 650 | _aWOMEN IN DEVELOPMENT | ||
| 650 | _aWomen in development--Pakistan--Directories. | ||
| 700 |
_aAftab, Tahera _eed. |
||
| 942 | _cREF | ||
| 999 |
_c470 _d470 |
||